Comercio exterior de Costa Rica, 1974
Đã lưu trong:
| Tác giả của công ty: | |
|---|---|
| Định dạng: | Texto |
| Được phát hành: |
San José:
MEIC. DGEC
|
| Các nhãn: |
Thêm thẻ
Không có thẻ, Là người đầu tiên thẻ bản ghi này!
|
MARC
| LEADER | 00000 a a2200000 04500 | ||
|---|---|---|---|
| 001 | 16575 | ||
| 003 | |||
| 040 | |||
| 090 | |a EXTRAVIADO | ||
| 110 | |a Costa Rica. Ministerio de Economía, Industria y Comercio. Dirección General de Estadística y Censos | ||
| 245 | |a Comercio exterior de Costa Rica, 1974 | ||
| 260 | |a San José: |b MEIC. DGEC | ||
| 300 | |a 544 p | ||
| 999 | |c 11824 |d 11824 | ||
